00178nam a22000857a 4500082001600000100002000016245002000036260002800056300000800084 a668.4 MIL'P aMILLER, R. N. B aPALSTICS MOULDS aLONDONbMACHINERYc1959 a60P